Better English Pronunciations (Record no. 3700)

MARC details
000 -LEADER
fixed length control field 00407nam a22001697a 4500
005 - DATE AND TIME OF LATEST TRANSACTION
control field 20160623153316.0
008 - FIXED-LENGTH DATA ELEMENTS--GENERAL INFORMATION
fixed length control field 160623b xxu||||| |||| 00| 0 eng d
020 ## - INTERNATIONAL STANDARD BOOK NUMBER
ISBN 978-0-521-68259-6
041 ## - LANGUAGE CODE
Language code of text/sound track or separate title eng
082 ## - DEWEY DECIMAL CLASSIFICATION NUMBER
Item number 9611
100 ## - MAIN ENTRY--AUTHOR NAME
Personal name O'Connor, J.D.
245 ## - TITLE STATEMENT
Title Better English Pronunciations
260 ## - PUBLICATION, DISTRIBUTION, ETC. (IMPRINT)
Name of publisher combridge Uni. Press
Year of publication 2007
300 ## - PHYSICAL DESCRIPTION
Number of Pages 137
650 ## - SUBJECT ADDED ENTRY--TOPICAL TERM
Topical Term Management
942 ## - ADDED ENTRY ELEMENTS (KOHA)
Koha item type Books
Holdings
Lost status Damaged status Collection code Home library Current library Shelving location Date acquired Cost, normal purchase price Full call number Accession Number Koha item type
    LIFE SKILL JRU Library JRU Library SHELF-102-C 23/06/2016 295.00 421 9611 Books